Greatest Movies of all Time - Statistics

General Stats
  • This quiz has been taken 86 times
  • The average score is 12 of 50
Answer Stats
Rating Movie % Correct
9.2 The Godfather
84%
9.0 The Godfather: Part II
63%
9.2 The Shawshank Redemption
62%
8.9 The Dark Knight
53%
8.7 Star Wars: Episode IV - A New Hope
48%
8.9 Pulp Fiction
47%
8.6 Casablanca
42%
8.7 Goodfellas
41%
8.6 Se7en
37%
8.7 Forrest Gump
34%
8.9 Schindler's List
34%
8.8 The Lord of the Rings: The Fellowship of the Ring
34%
8.5 Saving Private Ryan
33%
8.9 The Lord of the Rings: The Return of the King
32%
8.5 Psycho
30%
8.8 Fight Club
29%
8.7 The Lord of the Rings: The Two Towers
28%
8.9 12 Angry Men
27%
8.8 Star Wars: Episode V - The Empire Strikes Back
27%
8.9 The Good, the Bad and the Ugly
27%
8.7 Inception
25%
8.5 Apocalypse Now
24%
8.7 Interstellar
24%
8.5 Raiders of the Lost Ark
23%
8.5 Gladiator
22%
8.5 The Departed
22%
8.6 It's a Wonderful Life
20%
8.7 One Flew Over the Cuckoo's Nest
20%
8.7 The Matrix
20%
8.5 The Green Mile
19%
8.5 Memento
18%
8.6 The Silence of the Lambs
18%
8.5 Dr. Strangelove or: HILTSWALTB
15%
8.7 Seven Samurai
15%
8.5 Back to the Future
14%
8.6 Once Upon a Time in the West
14%
8.5 Rear Window
13%
8.5 Spirited Away
11%
8.5 Terminator 2: Judgement Day
11%
8.5 City Lights
10%
8.5 Modern Time
10%
8.6 The Usual Suspects
10%
8.5 American History X
9%
8.7 City of God
9%
8.5 The Pianist
8%
8.6 Life is Beautiful
6%
8.5 Sunst Boulevard
6%
8.5 Whiplash
4%
8.6 Leon: The Professional
3%
8.5 The Intouchables
3%
No matching quizzes found
Score Distribution
Percent of People with Each Score
Percentile by Number Answered
Your Score History
You have not taken this quiz